Factors affecting the foraging behavior of bees in different maize hybrids (Registro n. 340429)
[ somente texto ]
| 000 -LÍDER | |
|---|---|
| fixed length control field | 04286nab a2200313 i 4500 |
| 003 - CÓDIGO MARC DA AGÊNCIA CATALOGADORA | |
| Campo de controle | BR-BrBNA |
| 005 - DATA E HORA DA ÚLTIMA ATUALIZAÇÃO | |
| Campo de controle | 20260318104143.0 |
| 008 - CAMPO DE TAMANHO FIXO | |
| fixed length control field | 260318b2018 bl.qr|pooa||| 00| 0 eng | |
| 040 ## - FONTE DA CATALOGAÇÃO | |
| Agência catalogadora | BR-BrBNA |
| Idioma da catalogação | eng |
| 072 ## - CATEGORIA AGRIS | |
| Código AGRIS | L01 |
| Código do objeto | 7100 |
| 100 ## - ENTRADA PRINCIPAL - NOME PESSOAL | |
| Nome pessoal | Malerbo-Souza, Darclet Teresinha |
| 100 ## - ENTRADA PRINCIPAL - NOME PESSOAL | |
| Nome pessoal | Silva, Thulio Gustavo da |
| 100 ## - ENTRADA PRINCIPAL - NOME PESSOAL | |
| Nome pessoal | Andrade, Milena Oliveira de |
| 100 ## - ENTRADA PRINCIPAL - NOME PESSOAL | |
| Nome pessoal | Farias, Lucas Rodrigues de |
| 100 ## - ENTRADA PRINCIPAL - NOME PESSOAL | |
| Nome pessoal | Medeiros, Núbia Maria Guedes |
| 245 ## - TÍTULO PRINCIPAL | |
| Título principal | Factors affecting the foraging behavior of bees in different maize hybrids |
| 500 ## - NOTA GERAL | |
| Nota geral | <br/><br/>Publicação online; 24 ref.; 7 illus.; Summaries (En, Pt) |
| 942 ## - ADDED ENTRY ELEMENTS (KOHA) | |
| Koha item type | Analítica |
| 520 ## - NOTA DE RESUMO | |
| Nota de conteúdo | <br/><br/><br/>ABSTRACT: Bees need pollen for their maintenance and development. Maize tassels (Zea mays L.) produce large amounts of pollen, which are visited by several bee species. This experiment was conducted in Ribeirão Preto, SP, Brazil, in 2013 with the objective to evaluate the factors affecting the foraging behavior of bees in different maize hybrids. For this purpose, we used the experimental design by randomized blocks. Seven treatments were repeated four times in experimental plots of 4.2 (6 lines) x 6.0 m (25.2 m2), in which borders of 0.70 m were kept clean in two plantings (January and April 2013). The genotypes used were (1) conventional maize 2B587® (control); (2) transgenic maize Powercore®; (3) YieldGard VT PRO®); (4) Viptera®; (5) Viptera 3®; (6) Herculex® and (7) Optimum Intrasect®. The frequency of visitations of bees to collect pollen was obtained by counting in the first five minutes each time, from 7:00 am to 11:00 am, with four and five replications (different days) in each hybrid in two plantings, respectively. The crude protein and weight of pollen and the tassels of different maize hybrids were evaluated. We have found the prevalence of Africanized honey bees (Apis mellifera) visiting the maize tassels preferably between 7:00 am and 9:00 am exclusively for pollen collection. The most visited hybrids by Africanized honey bees were those with the highest amount of pollen in the collected samples. <br/><br/><br/><br/>Key words: Africanized honey bees; foraging behavior; Zea mays |
| 520 ## - NOTA DE RESUMO | |
| Nota de conteúdo | <br/><br/><br/>RESUMO: As abelhas precisam de pólen para sua manutenção e desenvolvimento, e o milho (Zea mays L.) é uma das espécies que produzem grandes quantidades de pólen que são visitadas por diferentes espécies de abelhas. Este experimento foi conduzido em Ribeirão Preto, SP, em 2013, com o objetivo de avaliar os fatores que afetam o comportamento da forragem de abelhas em diferentes híbridos de milho. Para isso, o delineamento experimental foi blocos casualizados, com sete tratamentos e quatro repetições, em parcelas experimentais de 4,2 (6 linhas) x 6,0 m (25,2 m2), e espaçamento de 0,70 m, em dois plantios (janeiro e abril 2013). Os genótipos utilizados foram (1) milho convencional 2B587® (controle); (2) milho transgênico Powercore®; (3) YieldGard VT PRO®); (4) Viptera®; (5) Viptera 3®; (6) Herculex® e (7) Optimum Intrasect®. A frequência de visitação das abelhas para coleta de pólen foi obtida pela contagem nos primeiros cinco minutos de horário, das 7:00 às 11:00 horas, com três repetições (três dias diferentes), em cada híbrido, nos dois plantios. Avaliaram-se a proteína bruta e o peso do pólen dos pendões de diferentes híbridos de milho. Foi observada a prevalência de abelhas africanizadas Apis mellifera visitando os pendões do milho, preferencialmente, entre as 7:00 e as 9:00, exclusivamente para coleta de pólen. Os híbridos mais visitados pelas abelhas africanizadas foram os que apresentaram maior quantidade de pólen nas amostras coletadas. <br/><br/><br/><br/>Palavras- chave:abelhas africanizadas; comportamento forrageiro; Zea mays |
| 650 ## - ASSUNTO - THESAGRO | |
| Cabeçalho tópico ou nome geográfico | ABELHA AFRICANA |
| 650 ## - ASSUNTO - THESAGRO | |
| Cabeçalho tópico ou nome geográfico | PÓLEN |
| 650 ## - ASSUNTO - THESAGRO | |
| Cabeçalho tópico ou nome geográfico | MILHO |
| 650 ## - ASSUNTO - THESAGRO | |
| Cabeçalho tópico ou nome geográfico | HÍBRIDO |
| 650 ## - ASSUNTO - THESAGRO | |
| Cabeçalho tópico ou nome geográfico | COMPORTAMENTO ANIMAL |
| 773 0# - ENTRADA ANALÍTICA | |
| Host Biblionumber | 4656 |
| Registro do item | 360617 |
| Imprenta | Recife-PE Universidade Federal Rural de Pernambuco 2006 |
| Outro identificador | 2026-0999 |
| Título | Revista Brasileira de Ciências Agrárias (Brazil) |
| ISSN | 1981-1160 |
| Colação | v. 13(3) p. 1-6; (2018) |
| Número de controle de registro | BR2025005703 |
| 856 ## - ACESSO E ENDEREÇO ELETRÔNICO | |
| Identificador uniforme de recurso - URI | http://www.agraria.pro.br/ojs32/index.php/RBCA/article/view/v13i3a5551/308 |
Nenhum exemplar disponível.

BINAGRI